00907nam a2200217 a 450000100100000000500170001000800410002702000150006804000250008310000210010824501680012926000720029730000280036949000340039750400330043150400730046470000270053770000370056471000540060183000340065500004116220201002034653.0130920s1993 sp 000 0 spa d a8400073339 aDO-SdBNPbspacBNPHU1 aArquiola, Elvira13aLa corona de las ciencias naturales :bla médicina en el tránsito del siglo XVIII al XIX /cElvira Arquiola, Luis Montiel ; prólogo de Pedro Laín Entralgo. aMadrid :bConsejo Superior de Investigaciones Científicas,c1993. a392 p. :bil. ;c22 cm.1 aEstudios sobre la cienciav20 aBibliografía : p. 357- 392 aIncluye referencias bibliográficas y notas al pie de las páginas1 aMontiel Llorente, Luis1 aLaín Entralgo, Pedro,epról.2 aConsejo Superior de Investigaciones Científicas 0aEstudios sobre la cienciav20